000 00731nam a22002537a 4500
003 UA-OsUOA
001 23285
007 ta
008 20040116b un ||||| |||| 00| 0 ukr d
100 _aПлотинский Юрий Менделлевич
090 _a303.09
_bП39
942 _cBK
040 _aUA-OsUOA
_brus
_cUA-OsUOA
_dUA-OsUOA
245 _aМодели социальных процессов
_bУчебное пособие для высших учебных заведений
300 _a296 с.
_bІлюстрації
955 _a0
041 _arus
080 _a303.09
020 _a5-94010-045-7
260 _aМосква
_bЛогос
_c2001
044 _aRU
650 7 _2UDC
999 _c309530
_d309530